• 首页
  • 本馆介绍
  • 公告通知
  • 最新文献
  • 馆藏检索
  • 电子资源
  • 读者导购
  • 参考咨询
  • 我的图书馆
  • 登录
  • 详细信息显示
  • 放入我的书架
  • 预约/预借图书
  • 作者相关作品
  • 分类相关作品
  • 丛书相关作品
  • 出版社相关作品

书目信息

  • 表格格式
  • 工作单格式
  • 卡片格式
题名:
元明戏曲与唐传奇的历史因缘
    
 
作者: 刘玮 著
分册:  
出版信息: 北京   中华书局  2019
页数: 334页
开本: 24cm
丛书名:
单 册:
中图分类: I207.37 , I207.41
科图分类:
主题词: 古代戏曲--gu dai xi qu--文学研究--中国--元代 , 古代戏曲--gu dai xi qu--文学研究--中国--明代 , 传奇小说--chuan qi xiao shuo--小说研究--中国--唐代
电子资源:
ISBN: 978-7-101-13937-2
000 01238nam0 2200289 450
001 2131056456
005 20211029202829.0
010    @a978-7-101-13937-2@dCNY86.00
100    @a20190911d2019 kemy0chiy0120 ea
101 0  @achi
102    @aCN@b110000
105    @ay v 000yy
106    @ar
200 1  @a元明戏曲与唐传奇的历史因缘@Ayuan ming xi qu yu tang chuan qi de li shi yin yuan@dThe historical connections between Yuan-Ming drama and Chuanqi from Tang dynasty@f刘玮著@zeng
210    @a北京@c中华书局@d2019
215    @a334页@d24cm
300    @a国家社科基金后期资助项目
330    @a本书分为五章,第一章简要介绍中国古代戏曲的发展状况及其与小说关系,第二章讨论说唱文学在唐传奇和元明戏曲之间的桥梁作用,第三、四、五章分别论述元明两代戏曲对唐传奇的承袭和变异现象。
510 1  @aThe historical connections between Yuan-Ming drama and Chuanqi from Tang dynasty@zeng
606 0  @a古代戏曲@Agu dai xi qu@x文学研究@y中国@z元代
606 0  @a古代戏曲@Agu dai xi qu@x文学研究@y中国@z明代
606 0  @a传奇小说@Achuan qi xiao shuo@x小说研究@y中国@z唐代
690    @aI207.37@v5
690    @aI207.41@v5
701  0 @a刘玮@Aliu wei@c(女,@f1970~)@4著
801  0 @aCN@b百万庄@c20211029
905    @b1313507-510@dI207.37@e148@f4
    
    元明戏曲与唐传奇的历史因缘=The historical connections between Yuan-Ming drama and Chuanqi from Tang dynasty/刘玮著.-北京:中华书局,2019
    334页;24cm
    国家社科基金后期资助项目
    
    ISBN 978-7-101-13937-2:CNY86.00
    本书分为五章,第一章简要介绍中国古代戏曲的发展状况及其与小说关系,第二章讨论说唱文学在唐传奇和元明戏曲之间的桥梁作用,第三、四、五章分别论述元明两代戏曲对唐传奇的承袭和变异现象。
●
相关链接 在E读中查询图书 在五车中查询图书 在当当中查询图书 在豆瓣中查询图书


正题名:元明戏曲与唐传奇的历史因缘     索取号:I207.37/148         预约/预借

序号 登录号 条形码 馆藏地/架位号 状态 备注
1 1313507   213135070   第一样本阅览室/ [索取号:I207.37/148] 在馆    
2 1313508   213135089   第二借阅区/ [索取号:I207.37/148] 在馆    
3 1313509   213135098   第二借阅区/ [索取号:I207.37/148] 在馆    
4 1313510   213135105   第二借阅区/ [索取号:I207.37/148] 在馆    
唐山师范学院图书馆 欢迎您!
大连网信软件有限公司© 版权所有